[Event "Mecklenburg VP Landesliga West 1920"]
[Site "Mecklenburg VP"]
[Date "2020.02.02"]
[Round "6.1"]
[White "Kleinke, Uwe"]
[Black "Busch, Martin"]
[Result "0-1"]
[WhiteElo "1941"]
[BlackElo "2117"]
[PlyCount "72"]
[EventDate "2019.09.29"]
[EventType "team-tourn"]
[EventRounds "9"]
[EventCountry "GER"]
[SourceTitle "EXT 2023"]
[Source "ChessBase"]
[SourceDate "2022.10.05"]
[SourceVersion "1"]
[SourceVersionDate "2022.10.05"]
[SourceQuality "1"]
[WhiteTeam "Schwerin SV Einheit"]
[BlackTeam "Think Rochade"]
[WhiteTeamCountry "GER"]
[BlackTeamCountry "GER"]

1. b4 e5 2. Bb2 d6 3. c4 Nf6 4. e3 g6 5. Nf3 Bg7 6. Nc3 0-0 7. Be2 Re8 8. 0-0 Nbd7 9. a4 a5 10. b5 b6 11. d4 Bb7 12. d5 Bc8 13. Qc2 Nf8 14. Rae1 h5 15. Bc1 N8h7 16. Bd3 Qe7 17. Nd2 h4 18. f4 h3 19. g3 exf4 20. exf4 Qxe1 21. Rxe1 Rxe1+ 22. Kf2 Rh1 23. Nf1 Ng4+ 24. Kf3 Bf5 25. Nd1 Rxf1+ 26. Ke2 Bxd3+ 27. Qxd3 Rh1 28. Qf3 Re8+ 29. Kd3 Rxd1+ 30. Kc2 Ree1 31. Bd2 Nxh2 32. Qf2 Rh1 33. Qe2 Ra1 34. Qe8+ Nf8 35. Qe4 Ra2+ 36. Kd3 Rd1 0-1

[Event "Mecklenburg VP LL2 West 1819"]
[Site "Mecklenburg VP"]
[Date "2019.03.24"]
[Round "8.2"]
[White "Naujok, Joerg"]
[Black "Kleinke, Uwe"]
[Result "1/2-1/2"]
[WhiteElo "2055"]
[BlackElo "1941"]
[PlyCount "32"]
[EventDate "2018.10.21"]
[EventType "team-tourn"]
[EventRounds "9"]
[EventCountry "GER"]
[SourceTitle "EXT 2022"]
[Source "ChessBase"]
[SourceDate "2021.10.06"]
[SourceVersion "1"]
[SourceVersionDate "2021.10.06"]
[SourceQuality "1"]
[WhiteTeam "Grevesmuehlen Blau Weiss"]
[BlackTeam "Schwerin SV Einheit"]
[WhiteTeamCountry "GER"]
[BlackTeamCountry "GER"]

1. Nf3 f5 2. g3 d6 3. Bg2 e5 4. d3 Nf6 5. Nc3 c6 6. e4 Be7 7. 0-0 0-0 8. Nh4 fxe4 9. dxe4 Be6 10. Nf5 Bxf5 11. exf5 d5 12. Qe2 Nbd7 13. h4 e4 14. Be3 Ne5 15. Bd4 Nfg4 16. Bxe5 Nxe5 1/2-1/2

[Event "Mecklenburg VP VL 1213"]
[Site "Mecklenburg VP"]
[Date "2013.02.24"]
[Round "6.7"]
[White "Wagner, Ralph"]
[Black "Kleinke, Uwe"]
[Result "1-0"]
[WhiteElo "2059"]
[BlackElo "1839"]
[PlyCount "53"]
[EventDate "2012.10.14"]
[EventType "team-tourn"]
[EventRounds "9"]
[EventCountry "GER"]
[SourceTitle "EXT 2022"]
[Source "ChessBase"]
[SourceDate "2021.10.06"]
[SourceVersion "1"]
[SourceVersionDate "2021.10.06"]
[SourceQuality "1"]
[WhiteTeam "Schwerin SF"]
[BlackTeam "Grevesmuehlen Blau Weiss"]
[WhiteTeamCountry "GER"]
[BlackTeamCountry "GER"]

1. d4 f5 2. g3 Nf6 3. Bg2 d6 4. Nf3 Nbd7 5. 0-0 e5 6. dxe5 dxe5 7. b3 Bd6 8. Nbd2 e4 9. Nd4 Ne5 10. e3 c5 11. Nb5 a6 12. Nxd6+ Qxd6 13. Bb2 Be6 14. Nxe4 Qxd1 15. Nxf6+ gxf6 16. Rfxd1 Ra7 17. Ba3 Nd7 18. Rd6 Ke7 19. Rad1 b5 20. Rc6 b4 21. Bb2 a5 22. Rdd6 Nf8 23. Bd5 Bxd5 24. Bxf6+ Kf7 25. Rxd5 Rg8 26. Rxf5 Ng6 27. Bd4+ 1-0

[Event "Mecklenburg VP VL 1213"]
[Site "Mecklenburg VP"]
[Date "2012.12.09"]
[Round "4.4"]
[White "Kleinke, Uwe"]
[Black "Dettmann, Holger"]
[Result "0-1"]
[WhiteElo "1839"]
[BlackElo "1904"]
[PlyCount "78"]
[EventDate "2012.10.14"]
[EventType "team-tourn"]
[EventRounds "9"]
[EventCountry "GER"]
[SourceTitle "EXT 2022"]
[Source "ChessBase"]
[SourceDate "2021.10.06"]
[SourceVersion "1"]
[SourceVersionDate "2021.10.06"]
[SourceQuality "1"]
[WhiteTeam "Grevesmuehlen Blau Weiss"]
[BlackTeam "Guestrow/Teterow"]
[WhiteTeamCountry "GER"]
[BlackTeamCountry "GER"]

1. b4 e5 2. Bb2 Bxb4 3. Bxe5 Nf6 4. c4 Nc6 5. Bb2 0-0 6. Nf3 d5 7. cxd5 Nxd5 8. e3 Bg4 9. Be2 Re8 10. 0-0 Bf8 11. d4 Rc8 12. Nbd2 Nb8 13. Qb3 Nb6 14. h3 Be6 15. Qd3 f6 16. Rfc1 Nc6 17. e4 Bf7 18. a3 Ne7 19. Bf1 c6 20. Bc3 Na4 21. Qc2 Nxc3 22. Qxc3 Rc7 23. Bc4 Bxc4 24. Qxc4+ Kh8 25. Rab1 Ng6 26. a4 Nf4 27. a5 Rd7 28. a6 b6 29. Qxc6 Ne2+ 30. Kh1 Nxc1 31. Rxc1 Bd6 32. Qb5 Bf4 33. d5 Rxe4 34. Nxe4 Bxc1 35. d6 Bf4 36. g3 Bxd6 37. Nh4 Be5 38. Nf5 Qc8 39. Kh2 Rd8 0-1

[Event "Mecklenburg VP VL 1112"]
[Site "Mecklenburg VP"]
[Date "2012.01.15"]
[Round "5.5"]
[White "Krueger, Gerhard"]
[Black "Kleinke, Uwe"]
[Result "0-1"]
[WhiteElo "1908"]
[BlackElo "1798"]
[PlyCount "50"]
[EventDate "2011.10.02"]
[EventType "team-tourn"]
[EventRounds "9"]
[EventCountry "GER"]
[SourceTitle "EXT 2022"]
[Source "ChessBase"]
[SourceDate "2021.10.06"]
[SourceVersion "1"]
[SourceVersionDate "2021.10.06"]
[SourceQuality "1"]
[WhiteTeam "Schwerin SF"]
[BlackTeam "Grevesmuehlen Blau Weiss"]
[WhiteTeamCountry "GER"]
[BlackTeamCountry "GER"]

1. e4 c5 2. Nf3 Nc6 3. d4 cxd4 4. Nxd4 g6 5. Nc3 Bg7 6. Be3 d6 7. Qd2 Nf6 8. f3 0-0 9. g4 h5 10. gxh5 Nxh5 11. Rg1 Kh7 12. 0-0-0 Bd7 13. Be2 Nf4 14. Nxc6 Nxe2+ 15. Nxe2 bxc6 16. Nf4 Rb8 17. c3 Qa5 18. a3 Rb3 19. Kc2 Rfb8 20. Rb1 c5 21. h4 Ba4 22. Kc1 Bxc3 23. Qd5 Bxb2+ 24. Rxb2 Qc3+ 25. Kd1 Rxb2+ 0-1

[Event "Mecklenburg VP VL 1011"]
[Site "Mecklenburg VP"]
[Date "2011.03.20"]
[Round "8.8"]
[White "Kleinke, Uwe"]
[Black "Quang, Luu Vinh"]
[Result "1-0"]
[WhiteElo "1801"]
[BlackElo "1172"]
[PlyCount "49"]
[EventDate "2010.10.10"]
[EventType "team-tourn"]
[EventRounds "9"]
[EventCountry "GER"]
[SourceTitle "EXT 2022"]
[Source "ChessBase"]
[SourceDate "2021.10.06"]
[SourceVersion "1"]
[SourceVersionDate "2021.10.06"]
[SourceQuality "1"]
[WhiteTeam "Grevesmuehlen Blau Weiss"]
[BlackTeam "Wismar ASV Gruen-Weiss"]
[WhiteTeamCountry "GER"]
[BlackTeamCountry "GER"]

1. b4 e5 2. Bb2 d6 3. c4 Nf6 4. e3 Be7 5. Nf3 Bg4 6. Be2 0-0 7. Nc3 a6 8. a4 Nbd7 9. b5 a5 10. d4 exd4 11. Nxd4 Bxe2 12. Qxe2 b6 13. Nc6 Qe8 14. g4 h6 15. h4 Nh7 16. Nd5 Bd8 17. 0-0-0 Nc5 18. g5 hxg5 19. hxg5 Rc8 20. Qd2 Qe4 21. Qc3 f6 22. g6 Ng5 23. f4 Nxa4 24. Qd3 Qxd3 25. Nce7+ 1-0

[Event "Mecklenburg VP VL 1011"]
[Site "Mecklenburg VP"]
[Date "2010.12.12"]
[Round "4.5"]
[White "Markovych, Illya"]
[Black "Kleinke, Uwe"]
[Result "1-0"]
[WhiteElo "1779"]
[BlackElo "1801"]
[PlyCount "54"]
[EventDate "2010.10.10"]
[EventType "team-tourn"]
[EventRounds "9"]
[EventCountry "GER"]
[SourceTitle "EXT 2022"]
[Source "ChessBase"]
[SourceDate "2021.10.06"]
[SourceVersion "1"]
[SourceVersionDate "2021.10.06"]
[SourceQuality "1"]
[WhiteTeam "Rostock HSG Uni"]
[BlackTeam "Grevesmuehlen Blau Weiss"]
[WhiteTeamCountry "GER"]
[BlackTeamCountry "GER"]

1. e4 c5 2. c3 g6 3. d4 cxd4 4. cxd4 Bg7 5. Nf3 d6 6. Be2 Nf6 7. Nc3 0-0 8. 0-0 Bg4 9. h3 Bxf3 10. Bxf3 Nc6 11. Be3 a6 12. Rc1 e5 13. d5 Ne7 14. Qb3 b5 15. a4 Rb8 16. axb5 axb5 17. Qb4 Qd7 18. Be2 Ne8 19. Nxb5 f5 20. f3 Nc8 21. Qc4 fxe4 22. fxe4 Nf6 23. b4 Rf7 24. Nc7 h6 25. Na6 Ra8 26. Rxf6 Rxf6 27. Bg4 Qa4 1-0

[Event "Mecklenburg VP LL 0910"]
[Site "Mecklenburg VP"]
[Date "2010.03.21"]
[Round "8.7"]
[White "Kleinke, Uwe"]
[Black "Jabbusch, Burkhard"]
[Result "0-1"]
[WhiteElo "1780"]
[BlackElo "1890"]
[PlyCount "74"]
[EventDate "2009.10.18"]
[EventType "team-tourn"]
[EventRounds "9"]
[EventCountry "GER"]
[SourceTitle "EXT 2016"]
[Source "ChessBase"]
[SourceDate "2015.10.08"]
[SourceVersion "1"]
[SourceVersionDate "2015.10.08"]
[SourceQuality "1"]
[WhiteTeam "Grevesmuehlen Blau Weiss"]
[BlackTeam "Stralsund FHSG"]
[WhiteTeamCountry "GER"]
[BlackTeamCountry "GER"]

1. b4 e5 2. Bb2 d6 3. c4 f5 4. e3 Nf6 5. Nf3 Be7 6. Qb3 e4 7. Nd4 c6 8. Nc3 0-0 9. a4 Kh8 10. f4 Bd7 11. Be2 Na6 12. b5 Nc5 13. Qc2 Rc8 14. 0-0 d5 15. bxc6 bxc6 16. Ba3 h6 17. Qa2 dxc4 18. Qxc4 Nb7 19. Rfb1 Bxa3 20. Rxb7 Bd6 21. a5 Ra8 22. a6 Qe8 23. Rab1 g6 24. Bd1 g5 25. g3 gxf4 26. exf4 Rg8 27. Nde2 Qe7 28. Bb3 Bc5+ 29. Kg2 Bb6 30. Nd4 Qe8 31. Nce2 e3 32. d3 Nd5 33. Ba4 Rc8 34. Rb2 Rg7 35. Nc2 h5 36. Nb4 Nxb4 37. Qxb4 h4 0-1

[Event "Mecklenburg VP LL 0910"]
[Site "Mecklenburg VP"]
[Date "2010.02.28"]
[Round "7.6"]
[White "Kleinke, Uwe"]
[Black "Junggebauer, Thomas"]
[Result "1-0"]
[WhiteElo "1780"]
[BlackElo "1881"]
[PlyCount "131"]
[EventDate "2009.10.18"]
[EventType "team-tourn"]
[EventRounds "9"]
[EventCountry "GER"]
[SourceTitle "EXT 2016"]
[Source "ChessBase"]
[SourceDate "2015.10.08"]
[SourceVersion "1"]
[SourceVersionDate "2015.10.08"]
[SourceQuality "1"]
[WhiteTeam "Grevesmuehlen Blau Weiss"]
[BlackTeam "Wismar ASV Gruen-Weiss"]
[WhiteTeamCountry "GER"]
[BlackTeamCountry "GER"]

1. b4 e5 2. Bb2 Bxb4 3. Bxe5 Nf6 4. c4 0-0 5. Nc3 Nc6 6. Bxf6 Qxf6 7. Nd5 Qd8 8. e3 d6 9. Be2 Ba5 10. Qb3 Qg5 11. g3 Be6 12. f4 Qd8 13. Nf3 Rb8 14. 0-0 Ne7 15. Nxe7+ Qxe7 16. Qb5 Bb6 17. a4 Bh3 18. Rf2 g6 19. a5 c6 20. Qb3 Bd8 21. Bf1 Bxf1 22. Rfxf1 Re8 23. Nd4 Qd7 24. f5 Kg7 25. fxg6 hxg6 26. Qc3 Re5 27. Nf3 Bf6 28. Nxe5 dxe5 29. Rf2 Re8 30. Raf1 Re6 31. e4 Bd8 32. Rxf7+ Qxf7 33. Rxf7+ Kxf7 34. Kg2 a6 35. Qb4 Re7 36. Kf3 Rd7 37. Ke2 Bg5 38. d3 Bf6 39. h4 Kg7 40. Qd2 Bd8 41. Kf3 Rf7+ 42. Kg4 Kh7 43. Qb4 Kg7 44. Qd6 Bf6 45. d4 exd4 46. e5 Be7 47. Qxd4 Kg8 48. h5 gxh5+ 49. Kxh5 Rh7+ 50. Kg4 Bb4 51. Qd8+ Kf7 52. Qd7+ Kg8 53. Qc8+ Bf8 54. Kf5 Rf7+ 55. Ke4 Rg7 56. g4 Re7 57. e6 Kg7 58. Kf5 Kg8 59. g5 Kg7 60. g6 Kg8 61. Kf6 Rg7 62. Qd8 c5 63. e7 Rxe7 64. Qxe7 Bxe7+ 65. Kxe7 Kg7 66. Kd6 1-0

[Event "Mecklenburg VP LL 0910"]
[Site "Mecklenburg VP"]
[Date "2009.12.13"]
[Round "4.8"]
[White "Kleinke, Uwe"]
[Black "Moeller, Stefan"]
[Result "1/2-1/2"]
[WhiteElo "1780"]
[BlackElo "1675"]
[PlyCount "90"]
[EventDate "2009.10.18"]
[EventType "team-tourn"]
[EventRounds "9"]
[EventCountry "GER"]
[SourceTitle "EXT 2016"]
[Source "ChessBase"]
[SourceDate "2015.10.08"]
[SourceVersion "1"]
[SourceVersionDate "2015.10.08"]
[SourceQuality "1"]
[WhiteTeam "Grevesmuehlen Blau Weiss"]
[BlackTeam "Rostock Uni"]
[WhiteTeamCountry "GER"]
[BlackTeamCountry "GER"]

1. b4 d5 2. Bb2 Bf5 3. e3 e6 4. Nf3 Nf6 5. b5 a6 6. a4 axb5 7. axb5 Rxa1 8. Bxa1 Nbd7 9. Be2 Qa8 10. Bb2 Bd6 11. 0-0 h6 12. d4 0-0 13. Nbd2 Qa2 14. Qc1 c6 15. c4 Bb4 16. Bc3 Bxc3 17. Qxc3 Ne4 18. Nxe4 Bxe4 19. Nd2 Ra8 20. bxc6 bxc6 21. Nxe4 Qxe2 22. cxd5 cxd5 23. Qc6 Qa6 24. Qxd7 dxe4 25. h3 Qc8 26. Qd6 Qd8 27. Qc6 Qd5 28. Qc2 e5 29. dxe5 Qxe5 30. Rd1 Ra1 31. Qc8+ Kh7 32. Rxa1 Qxa1+ 33. Kh2 Qe5+ 34. g3 Qf6 35. Kg1 Qf3 36. Qd7 Qf6 37. Qd5 Qf3 38. h4 g6 39. Qd7 h5 40. Qd5 Kg7 41. Qe5+ Kh7 42. Qd4 Qf5 43. Qd8 Qf3 44. Qd5 Kg7 45. Qd4+ Kh7 1/2-1/2

[Event "Mecklenburg VP LL2 West 0708"]
[Site "Mecklenburg VP"]
[Date "2007.11.04"]
[Round "2.3"]
[White "Kleinke, Uwe"]
[Black "Krueger, Gerhard"]
[Result "1/2-1/2"]
[WhiteElo "1795"]
[BlackElo "1835"]
[PlyCount "43"]
[EventDate "2007.10.21"]
[EventType "team-tourn"]
[EventRounds "9"]
[EventCountry "GER"]
[SourceTitle "EXT 2016"]
[Source "ChessBase"]
[SourceDate "2015.10.08"]
[SourceVersion "1"]
[SourceVersionDate "2015.10.08"]
[SourceQuality "1"]
[WhiteTeam "Grevesmuehlen Blau Weiss"]
[BlackTeam "Schwerin SF II"]
[WhiteTeamCountry "GER"]
[BlackTeamCountry "GER"]

1. b4 e5 2. Bb2 Bxb4 3. Bxe5 Nf6 4. c4 0-0 5. Nc3 Nc6 6. Bxf6 Qxf6 7. Nd5 Qd6 8. Nxb4 Qxb4 9. e3 Re8 10. Nf3 Ne5 11. Qb3 Nxf3+ 12. gxf3 Qd6 13. Rd1 c5 14. Bd3 Re6 15. Be4 Rb8 16. d4 Rh6 17. dxc5 Qxc5 18. Rd5 Qc7 19. Rg1 g6 20. Qd3 b5 21. c5 Qa5+ 22. Qd2 1/2-1/2

[Event "Mecklenburg VP LL2 0506"]
[Site "Mecklenburg VP"]
[Date "2006.03.12"]
[Round "8"]
[White "Kleinke, Uwe"]
[Black "Mueller, Axel"]
[Result "1/2-1/2"]
[WhiteElo "1827"]
[BlackElo "1898"]
[PlyCount "35"]
[EventDate "2005.10.23"]
[EventType "team-tourn"]
[EventRounds "9"]
[EventCountry "GER"]
[SourceTitle "EXT 2009"]
[Source "ChessBase"]
[SourceDate "2008.11.26"]
[SourceVersion "1"]
[SourceVersionDate "2008.11.26"]
[SourceQuality "1"]
[WhiteTeam "Grevesmuehlen Blau Weiss"]
[BlackTeam "Putlitz"]
[WhiteTeamCountry "GER"]
[BlackTeamCountry "GER"]

1. b4 e5 2. Bb2 Bxb4 3. Bxe5 Nf6 4. c4 Nc6 5. Bb2 0-0 6. Nf3 Re8 7. e3 Bf8 8. Be2 d6 9. 0-0 g6 10. d4 Bg7 11. Nc3 a6 12. Rc1 Bg4 13. h3 Bf5 14. Re1 Rb8 15. Bf1 Ne4 16. Nd2 Nxc3 17. Bxc3 Qh4 18. Nf3 1/2-1/2

[Event "Mecklenburg VP LL2 0506"]
[Site "Mecklenburg VP"]
[Date "2005.11.13"]
[Round "2.1"]
[White "Gareis, Roberto"]
[Black "Kleinke, Uwe"]
[Result "1/2-1/2"]
[WhiteElo "1883"]
[BlackElo "1827"]
[PlyCount "28"]
[EventDate "2005.10.23"]
[EventType "team-tourn"]
[EventRounds "9"]
[EventCountry "GER"]
[SourceTitle "EXT 2009"]
[Source "ChessBase"]
[SourceDate "2008.11.26"]
[SourceVersion "1"]
[SourceVersionDate "2008.11.26"]
[SourceQuality "1"]
[WhiteTeam "Rostock Uni II"]
[BlackTeam "Grevesmuehlen Blau Weiss"]
[WhiteTeamCountry "GER"]
[BlackTeamCountry "GER"]

1. d4 f5 2. e3 Nf6 3. Bd3 d6 4. f4 g6 5. Nf3 Bg7 6. Nbd2 0-0 7. c3 e6 8. Qb3 d5 9. Ne5 Nbd7 10. Nxd7 Qxd7 11. Nf3 Ne4 12. Qc2 b6 13. b3 Bb7 14. a4 a5 1/2-1/2